00983ngm a2200253 a 450000500170000000800410001708200180005824500720007625000190014830000620016749000140022950000900024365000680033365000420040165000560044370000300049994200200052926400420054933600270059133700330061833800280065104000350067999900150071420220317001255.0160825s1979 ck g 000 0 spa 04a791.436bM14t13aEl taxista millonariocdirector Gustavo Nieto Roahvideograbación a1a. edición  a1 videocasete en VHS (98 minutos)bsonido, color c20 cm  aLa maleta aLa película pertenece a la colección La Maleta. Dirigida para un público adulto142LEMBaPelículas cinematográficas colombianasvVideocasetes 142LEMBaRobo en el cine vVideocasetes 142LEMBaProblemas sociales en el cine vVideocasetes 1 aNieto Roa, Gustavo968573 2ddccVIDEOCASET aBogotábMinisterio de Culturac1979 atextobtxt2rdacontent asin mediaciónbn2rdamedia avolumenbnc2rdacarrier aCO-BoRNBPbspaerdacCO-BoRNBP c6459d6459